The luminous personage / (Record no. 168915)

MARC details
000 -LEADER
fixed length control field 00507nam a2200181 4500
005 - DATE AND TIME OF LATEST TRANSACTION
control field 20191031143754.0
010 ## - LCCN (DPL NO)
LC control number ENG-126761
020 ## - INTERNATIONAL STANDARD BOOK NUMBER
International Standard Book Number 9789388304054
Terms of availability 175.00
035 ## - SYSTEM CONTROL NUMBER
System control number EN-110293
037 ## - SOURCE OF ACQUISITION
Source of stock number/acquisition DBAD/PUB
082 ## - DEWEY DECIMAL CLASSIFICATION NUMBER
Classification number N
100 ## - MAIN ENTRY--PERSONAL NAME
Personal name Shafi, Rukhsar
245 ## - TITLE STATEMENT
Title The luminous personage /
Statement of responsibility, etc by Rukhsar Shafi
260 ## - PUBLICATION, DISTRIBUTION, ETC. (IMPRINT)
Place of publication, distribution, etc Noida
Name of publisher, distributor, etc Maple Press
Date of publication, distribution, etc 2018
270 ## - ADDRESS
Address A-63, Sector 58
City Noida
Postal code 201301
Telephone number 911204553581
Electronic mail address info@maplepress.co.in
300 ## - PHYSICAL DESCRIPTION
Extent xi;247p.
Dimensions 21cm(pbk)
942 ## - ADDED ENTRY ELEMENTS (KOHA)
Source of classification or shelving scheme Dewey Decimal Classification
Item type English Books
Classification part N
Call number suffix SHA
Holdings
Withdrawn status Lost status Not for loan Collection code Home library Current library Date acquired Source of acquisition Cost, normal purchase price Full call number Barcode Copy number Cost, replacement price Koha item type
      Non-fiction Central Library Central Library 31/10/2019 DBAD/PUB 175.00 N SHA EN-110293 1 175.00 English Books

© Delhi Public Library
Hit Counter
free hit counter